| 000 | 00604nam a2200217 a 4500 | ||
|---|---|---|---|
| 001 | 42587 | ||
| 003 | BD-RjUL | ||
| 005 | 20211209053549.0 | ||
| 008 | 160614r19601920enka b 001 0 eng | ||
| 035 | _a(BD-RjUL) 42705 | ||
| 040 |
_beng _aBD-RjUL _cBD-RjUL |
||
| 041 | _aeng | ||
| 082 | 0 | 0 |
_223 _a330.1556 _bPIE 1960 |
| 100 | 1 |
_aPigou, A. C. _9130818 |
|
| 245 | 1 | 4 |
_aThe economics of welfare / _c A. C. Pigou. |
| 260 |
_aLondon : _bMacmillan, _c1920, [reprint 1960] |
||
| 300 |
_axxxi, 876 p. : _bill. ; _c21 cm. |
||
| 500 | _aIncludes index. | ||
| 650 | 0 |
_aWelfare economics. _9130602 |
|
| 942 |
_2ddc _cBK |
||
| 999 |
_c42587 _d42587 |
||